| 000 | 00598cam a2200181 a 4500 | ||
|---|---|---|---|
| 020 | _a0821339745 | ||
| 082 | 0 | 0 |
_a363.7 _bADV _cD |
| 245 | 0 | 0 |
_aAdvancing sustainable development : _bthe World Bank and Agenda 21. |
| 260 |
_aWashington, DC : _bWorld Bank, _c1997. |
||
| 300 |
_ax, 80 p. ; _c27 cm. |
||
| 526 |
_a0 _b0 _c0 _d363_700000000000000_ADV |
||
| 650 | 0 |
_aEconomic development _xEnvironmental aspects. _919946 |
|
| 650 | 0 |
_aEnvironmental policy _xInternational cooperation. _938096 |
|
| 650 | 0 |
_aMCE _9379 |
|
| 650 | 0 | _aSustainable development. | |
| 710 | 2 |
_aWorld Bank. _94999 |
|
| 942 |
_2ddc _cBK |
||
| 999 |
_c542774 _d542774 |
||